日本の電子計算機 1978.9

Spremljeno u:
Bibliografski detalji
Autor kompanije: 日本の電子計算機論集専門委員会
Format: Knjiga
Jezik:Undetermined
Izdano: 東京 日本電子工業振興協会 1978
Teme:
Oznake: Dodaj oznaku
Bez oznaka, Budi prvi tko označuje ovaj zapis!
Thư viện lưu trữ: Trung tâm Học liệu Trường Đại học Cần Thơ
LEADER 00552nam a2200181Ia 4500
001 CTU_80730
008 210402s9999 xx 000 0 und d
082 |a 004.3 
082 |b N691 
110 |a 日本の電子計算機論集専門委員会 
245 0 |a 日本の電子計算機 1978.9 
245 0 |c 日本の電子計算機論集専門委員会 
260 |a 東京 
260 |b 日本電子工業振興協会 
260 |c 1978 
650 |a Computer Science 
904 |i Ngoc,Hải 
980 |a Trung tâm Học liệu Trường Đại học Cần Thơ